000 01174cam a22003257a 4500
003 CHAP
005 20220329141943.0
008 980923d1993 mx a r 00110 spa d
010 _a76198
011 _a77170
035 _a86773
040 _cCHAP
090 _aFolleto 15210 (1993)
110 2 _aINIFAP. México. Campo Agrícola Experimental El Palmar
_958738
245 1 0 _aGuía para la asistencia técnica :
_bárea de influencia del Campo Exprimental El Palmar
_c/por INIFAP. Campo Experimental El Palmar
250 _a3 ed.
260 _aTezonapa, Ver. :
_bINIFAP. Campo Agrícola Experimental El Palmar, 1993.
300 _a57 p. :
_bilus. ; cuadros
590 _aBATCH-UPD
_b10
_c20130110
_lUCH01
_h0025
590 _aBATCH-UPD
_b10
_c20130110
_lUCH01
_h1039
590 _aBATCH-UPD
_b10
_c20130409
_lUCH01
_h2005
590 _aBATCH-UPD
_b10
_c20130913
_lUCH01
_h2108
590 _aCONVERSION
_b10
_c20130109
_lUCH01
_h1342
650 1 4 _aAgricultura
_xInvestigación
_xVeracruz.
_91691
650 1 4 _aAgricultura
_zVeracruz.
_91941
901 _aBK
905 _aAlejandra Carrasco M.
942 _cFOLL
949 _aFolleto 15210 1993
_bBC
_cFOLL
_d867731
_eTS1
_i86773
_sb
999 _c76198
_d76198